Bačkorový astronom od brýlových čoček až po NASA

Podrobná bibliografia
Hlavný autor: Bardon, Zdeněk (Autor, Ilustrátor, Fotograf)
Ďalší autori: Suchan, Pavel (Autor úvodu atď.), Bardonová, Ivana (Fotograf), Bardon, Martin (Fotograf), Bělík, Marcel (Fotograf), Druckmüllerová, Hana (Fotograf), Druckmüller, Miloslav (Fotograf), Rapavý, Pavol, 1955- (Fotograf), Kačer, Petr (Fotograf), Svatoň, David (Fotograf)
Médium: Kniha
Jazyk:čeština
Fyzický popis:233 strán fotografie 21 cm
Vydavateľské údaje: Hurbanovo Slovenská ústredná hvezdáreň Hurbanovo 2019
ISBN:9788089998043
Vydanie:Vydání první
Predmet:

MARC

LEADER 00000cam a2200000 4500
001 vtls011902598
003 SK-MaSNL
005 20260301144714.0
008 210624s2019 xo o gr 010 0 cze
015 |a SNBA2020/03 
020 |a 9788089998043  |q (viazané) 
035 |a urn:nbn:sk:snk-am00edej 
035 |a urn:nbn:sk:snk-am3igpo 
035 |a 52D8CE27-40C9-4BCE-A09F-C1DDD4B8C362 
040 |a SNK  |b slo  |c SNK  |e rda 
041 0 |a cze 
044 |a xo  |c SK 
072 7 |a 52  |x Astronómia. Geodézia  |2 konspekt 
080 |a 52  |2 2011 
080 |a 520.1  |2 2041 
080 |a 551.576  |2 2011 
080 |a 524.3  |2 2011 
100 1 |a Bardon, Zdeněk  |4 aut  |4 ill  |4 pht  |9 503404 
245 1 0 |a Bačkorový astronom  |b od brýlových čoček až po NASA  |c Zdenĕk Bardon ; ilustrace Zdenĕk Bardon ; předmluva Pavel Suchan ; fotografie Zdenĕk Bardon, Ivana Bardonová, Martin Bardon, Marcel Bĕlík, Hana Druckmüllerová, Miroslav Druckmüller, Pavol Rapavý, Petr Kačer, David Svatoň 
250 |a Vydání první 
264 1 |a Hurbanovo  |b Slovenská ústredná hvezdáreň Hurbanovo  |c 2019 
300 |a 233 strán  |b fotografie  |c 21 cm 
336 |a text  |b txt  |2 rdacontent 
336 |a statický obraz  |b sti  |2 rdacontent 
337 |a bez média  |b n  |2 rdamedia 
338 |a zväzok  |b nc  |2 rdacarrier 
504 |a Výkladový slovníček 
650 0 7 |a astronómia  |2 SNKPH  |9 730 
650 0 7 |a Astronomy  |2 SNKPHeng  |9 267729 
650 0 7 |a observatóriá  |2 SNKPH  |9 2388 
650 0 7 |a Observatories  |2 SNKPHeng  |9 267730 
650 0 7 |a oblaky  |2 SNKPH  |9 50692 
650 0 7 |a Clouds  |2 SNKPHeng  |9 322915 
650 0 7 |a hviezdy  |2 SNKPH  |9 731 
650 0 7 |a Stars  |2 SNKPHeng  |9 312795 
655 7 |a fotografické publikácie  |2 SNKPH  |9 70483 
655 7 |a Photographic publication  |2 SNKNB  |9 266858 
700 1 |a Suchan, Pavel  |4 aui  |9 442940 
700 1 |a Bardonová, Ivana  |4 pht  |9 442939 
700 1 |a Bardon, Martin  |4 pht  |9 503405 
700 1 |a Bělík, Marcel  |4 pht  |9 503406 
700 1 |a Druckmüllerová, Hana  |4 pht  |9 503407 
700 1 |a Druckmüller, Miloslav  |4 pht  |9 503408 
700 1 |a Rapavý, Pavol,  |d 1955-  |4 pht  |9 222900 
700 1 |a Kačer, Petr  |4 pht  |9 503409 
700 1 |a Svatoň, David  |4 pht  |9 503410 
919 |a 978-80-89998-04-3 
958 |a CZ 
958 |a NB 
999 |c 777941  |d 779871 
952 |a SNK  |b SNK  |y PREZ  |7 0  |p 17A1414428  |o snkSC 187586  |i snk2020/1564  |8 0  |0 0  |1 0  |4 0  |d 2020-01-24  |f 1  |l 0  |r 2026-02-24 00:55:22  |w 2026-02-24 
952 |a SNK  |b SNK  |y VYP  |7 0  |p 17A1414429  |o snkSC 187586 D1  |i snk2020/1565  |8 0  |0 0  |1 0  |4 0  |d 2020-01-24  |l 0  |r 2026-02-24 00:55:22  |w 2026-02-24